KOHA-Header-6

Introduction to Data Communications and Networking (Record no. 6308)

000 -LEADER
fixed length control field 00286nam a2200109Ia 4500
100 ## - MAIN ENTRY--AUTHOR NAME
Personal name Behrouz Forouzan
245 #0 - TITLE STATEMENT
Title Introduction to Data Communications and Networking
260 ## - PUBLICATION, DISTRIBUTION, ETC. (IMPRINT)
Place of publication USA
Name of publisher McGraw Hill
Year of publication 1998
300 ## - PHYSICAL DESCRIPTION
Number of Pages 713
942 ## - ADDED ENTRY ELEMENTS (KOHA)
Koha item type Books
Holdings
Withdrawn status Lost status Collection code Permanent Location Current Location Shelving location Date acquired Full call number Accession Number Koha item type
    Computer Networking MAJU MAJU   2019-09-07 004.5 467 Computer Networking

Powered by Koha